| Tag |
First Indicator |
Second Indicator |
Subfields |
| LEADER |
00000cam a22000004a 4500 |
| 001 |
in00001633821 |
| 005 |
20151023084818.0 |
| 008 |
010406s2001 ilu b 001 0 eng |
| 010 |
|
|
|a 2001035153
|
| 020 |
|
|
|a 0226318524 (cloth : alk. paper)
|
| 020 |
|
|
|a 0226318532 (pbk. : alk. paper)
|
| 035 |
|
|
|a (OCoLC)ocm46784936
|
| 040 |
|
|
|a DLC
|c DLC
|d C#P
|d UtOrBLW
|
| 041 |
1 |
|
|a eng
|h fre
|
| 042 |
|
|
|a pcc
|
| 043 |
|
|
|a e-gr---
|
| 049 |
|
|
|a TXAM
|
| 050 |
0 |
0 |
|a G84
|b .H3713 2001
|
| 082 |
0 |
0 |
|a 938/.007/2
|2 21
|
| 100 |
1 |
|
|a Hartog, François.
|
| 240 |
1 |
0 |
|a Mémoire d'Ulysse.
|l English
|
| 245 |
1 |
0 |
|a Memories of Odysseus :
|b frontier tales from ancient Greece /
|c François Hartog ; translated by Janet Lloyd.
|
| 264 |
|
1 |
|a Chicago :
|b University of Chicago Press,
|c 2001.
|
| 300 |
|
|
|a xiv, 258 pages ;
|c 24 cm.
|
| 336 |
|
|
|a text
|b txt
|2 rdacontent
|
| 337 |
|
|
|a unmediated
|b n
|2 rdamedia
|
| 338 |
|
|
|a volume
|b nc
|2 rdacarrier
|
| 504 |
|
|
|a Includes bibliographical references (pages 211-253) and index.
|
| 650 |
|
0 |
|a Geography, Ancient
|x Historiography.
|
| 650 |
|
0 |
|a Voyages and travels
|x Historiography.
|
| 651 |
|
0 |
|a Greece
|x Civilization
|y To 146 B.C.
|x Historiography.
|
| 650 |
|
0 |
|a Classical antiquities.
|
| 945 |
|
|
|i PromptCat
|
| 948 |
|
|
|a cataloged
|b h
|c 2001/10/24
|d c
|e mphillip
|f 5:58:33 pm
|
| 994 |
|
|
|a 92
|b TXA
|
| 999 |
|
|
|a MARS
|
| 999 |
f |
f |
|s f2ada1ed-8353-3c29-a897-3411698fb48a
|i a41b12a9-8387-3cce-8144-12d190240223
|t 0
|
| 952 |
f |
f |
|p normal
|a Texas A&M University
|b College Station
|c Sterling C. Evans Library
|d Evans: Library Stacks
|t 0
|e G84 .H3713 2001
|h Library of Congress classification
|i unmediated -- volume
|m A14828272220
|
| 998 |
f |
f |
|a G84 .H3713 2001
|t 0
|l Evans: Library Stacks
|